| 000 | 03655nam a2200301 a 4500 | ||
|---|---|---|---|
| 003 | OSt | ||
| 005 | 20240904142440.0 | ||
| 007 | cr ||||||a|c|a | ||
| 008 | 240129s2022 mx a|||fom||| 001 0 spa d | ||
| 040 | _erda | ||
| 100 | 1 |
_9188606 _aGabino Rodríguez, Elena |
|
| 245 | 1 | 0 |
_aDesarrollo y rendimiento de variedades de maíz (Zea mays L.) en Atltzayanca, Tlaxcala, México / _cpor Elena Gabino Rodríguez ; director de tesis Rafael Mora Aguilar. |
| 264 | 1 |
_aChapingo, México : _bEl autor, _c2022. |
|
| 300 |
_a1 recurso en línea (87 páginas). _bcuadros, figuras. |
||
| 336 |
_2rdacontent _atexto _btxt |
||
| 337 |
_2rdamedia _acomputadora _bc |
||
| 338 |
_2rdacarrier _arecurso en línea _bcr |
||
| 502 |
_bIAEPA _cParasitología _d2022. _gLIC |
||
| 504 | _aIncluye referencias bibliográficas: páginas 62-76. | ||
| 520 | _aDada la importancia que tiene el maíz, en México en general y en el estado de Tlaxcala en particular, y con el fin de contribuir en al aumento de su producción, la presente investigación tuvo como objetivo estudiar el comportamiento fenológico y rendimiento de variedades de maíz, establecido con riego por goteo en un sistema de manejo convencional, en el municipio de Atltzayanca en el Estado de Tlaxcala, mediante un diseño experimental de bloques completamente al azar de diez tratamientos con cuatro repeticiones cada uno. La unidad experimental fue una superficie de 5 m2. Los tratamientos evaluados fueron: T1. A 470, T2. MS 152, T3. CRIOLLO, T4. SB 355, T5. CENZONTLE, T6. SB 335, T7. ALBATROS, T8. ALPINISTA, T9. Z60 y T10. FAISAN. El experimento se llevó a cabo en el Ciclo Primavera-Verano del año 2021, y se determinaron las variables cuantitativas: número de plantas, número de mazorcas, número de granos por mazorca y el peso de 100 granos (a 14 % humedad) para calcular el rendimiento. Además de otros componentes morfológicos importantes como: altura de planta, longitud de mazorca, diámetro de mazorca, longitud del olote, diámetro del olote, peso específico e índice de fecundidad. Así como, el registro de los principales estadios de desarrollo, para identificar genotipos con adaptación al sitio. Los resultados se analizaron a través de un análisis de varianza, la prueba de comparación de medias de Tukey (P≤0.05) y análisis de correlación de los principales componentes. Los tratamientos evaluados presentaron significancia estadística en las variables registradas. Las variedades con rendimiento numéricamente sobresaliente fueron: SB 335 (7.1 t·ha-1), Z60 (6.8 t·ha-1) y ALBATROS (6.7 t·ha-1); de éstas, Z60 fue la que tuvo mayor densidad de población (130,000 plantas·ha-1; 98 % de lo esperado) en comparación con las, aproximadas 100,000 plantas·ha-1 (75 % de lo esperado), de las otras dos variedades. En cuanto al desarrollo vegetativo, los genotipos Z60, CRIOLLO, SB 335, CENZONTLE y SB 355 presentaron el periodo más corto a la aparición de la hoja bandera (83 días posteriores a la siembra) indicando rápida adaptación al ambiente. En general fue notable que los híbridos resistieron más las condiciones adversas (alta densidad, fertilización deficiente, huracanes) que se presentaron durante el ciclo de cultivo con respecto al material CRIOLLO. | ||
| 650 | 4 |
_9130890 _aMaíz híbrido _xRendimiento |
|
| 650 | 4 |
_970963 _aMaíz _xGenética |
|
| 650 | 4 |
_9141323 _aMaíz _xVariedades |
|
| 650 | 4 |
_970934 _aMaíz _xEfecto del clima |
|
| 700 | 0 |
_978119 _aMora Aguilar, Rafael _eDirector de tesis. |
|
| 856 |
_uhttp://10.13.5.2/tesis/tm/1310777-1___Gabino_Rodriguez_Elena.pdf _zDESCARGAR PDF |
||
| 942 | _2Clasificación Universidad Autónoma Chapingo | ||
| 999 |
_c219601 _d219601 |
||